000 00790nam2a2200205 4500
001 RU\NLR\PER_A\002342759_002160
005 20260308045216.0
035 _a(NLR Aleph) 022743101
090 _a13558341
_c13558341
100 _a20260304d2025 u y0rusy50 ca
101 0 _arus
102 _aRU
200 0 _a2025, № 6 (163) (с указ.)
210 _d2025
461 0 _1001RU\NLR\INFOCOMM31\5000012721
_12001#$aСибирский учитель$eРегион. науч.-метод. журн.$v2025, № 6 (163) (с указ.)
_94487905
_cНовосибирск
_d2000-
_nБ. и.
_oРегион. науч.-метод. журн.
_tСибирский учитель
_v2025, № 6 (163) (с указ.)
852 _aNLR
_jП29/1010
942 _cUNSPEC
980 _aRUSPER
980 _aNB